000 00371nam a2200145Ia 4500
008 240624s9999 xx 000 0 und d
041 _aeng
082 _a346.42 POZ
100 _aPOZA ERNESTO J
245 _aFAMILY BUSINESS
250 _a(3rd ed.)
260 _c2010
_aAustralia
_bSouth-Western Cengage Learning
300 _axv, : 391 : p. : cm. ; 23
365 _c
_b30
999 _c14940
_d14940